All of John Cena's Championship Wins in WWE - Statistics

General Stats
  • This quiz has been taken 1,865 times
  • The average score is 15 of 25
Answer Stats
No. PPV or Show Championship Superstar(s) % Correct
11 Breaking Point WWE Randy Orton
93%
12 Bragging Rights WWE Randy Orton
93%
1 Wreslemania 20 United States Big Show
88%
5 Royal Rumble WWE Edge
86%
6 Unforgiven WWE Edge
86%
13 Elimination Chamber WWE Ted Dibiase, Randy Orton, Triple H, Kofi Kingston and Sheamus
84%
4 Wrestlemania 21 WWE JBL
82%
14 Wrestlemania 26 WWE Batista
81%
22 Money in the Bank WWE & World Heavyweight Kane, Bray Wyatt, Sheamus, Alberto Del Rio, Antonio Cesaro, Randy Orton and Roman Reigns
80%
25 Royal Rumble WWE AJ Styles
74%
20 Wrestlemania 29 WWE The Rock
72%
23 Wrestlemania 31 United States Rusev
70%
24 Night of Champions United States Seth Rollins
69%
19 Night of Champions WWE Alberto Del Rio
68%
21 Hell in a Cell World Heavyweight Alberto Del Rio
68%
18 RAW WWE Rey Mysterio
62%
9 Survivor Series World Heavyweight Chris Jericho
57%
3 SmackDown United States Carlito
49%
2 No Mercy United States Booker T
40%
10 Wrestlemania 25 World Heavyweight Edge and Big Show
26%
17 Extreme Rules WWE John Morrison and The Miz
17%
7 RAW World Tag Team w/ Shawn Michaels Edge and Randy Orton
13%
16 RAW Tag Team w/ The Miz Justin Gabriel and Heath Slater
13%
15 Bragging Rights Tag Team w/ David Otunga Cody Rhodes and Drew McIntyre
10%
8 RAW World Tag Team w/ Batista Cody Rhodes and Ted Dibiase
9%
No matching quizzes found
Score Distribution
Percent of People with Each Score
Percentile by Number Answered
Your Score History
You have not taken this quiz